00246 a2200097 4500001000700000040003500007100003600042240003300078245002800111362000900139154202 cEscola São Tomás de Aquino aGARCIA, Auxiliadora Magalhães10aOs Deuses não dormem lpor10aOs Deuses não dormem 0 a1999